KOHA-Header-6

داستان فلسفہ: دنیا کے عظیم ترین فلسفیوں کے افکار و حالات (Record no. 13872)

000 -LEADER
fixed length control field 00421nam a22001217a 4500
020 ## - INTERNATIONAL STANDARD BOOK NUMBER
ISBN 978-969-662-440-0
082 ## - DEWEY DECIMAL CLASSIFICATION NUMBER
Classification number 109
100 ## - MAIN ENTRY--AUTHOR NAME
Personal name ول ڈیورانٹ ; ترجمہ سید عابد علی عابد
245 ## - TITLE STATEMENT
Title داستان فلسفہ: دنیا کے عظیم ترین فلسفیوں کے افکار و حالات
260 ## - PUBLICATION, DISTRIBUTION, ETC. (IMPRINT)
Place of publication جہلم پاکستان
Name of publisher بک کارنر
Year of publication 2022
300 ## - PHYSICAL DESCRIPTION
Number of Pages 582 صفحات
942 ## - ADDED ENTRY ELEMENTS (KOHA)
Koha item type Books
Holdings
Withdrawn status Lost status Collection code Permanent Location Current Location Shelving location Date acquired Full call number Accession Number Koha item type
    Urdu Literature MAJU MAJU Shelf No.A12 2024-01-02 109 10971 Books

Powered by Koha